[Event "Pan American-ch School U13 12th"]
[Site "Callao"]
[Date "2023.10.19"]
[Round "6"]
[White "Arevalo Tito, Diego Andre"]
[Black "Gilian Solano, Justin Matias"]
[Result "1/2-1/2"]
[WhiteElo "1174"]
[BlackElo "1367"]
[PlyCount "82"]
[EventDate "2023.10.16"]
[EventType "swiss"]
[EventRounds "9"]
[EventCountry "PER"]
[SourceTitle "Mega2024 Update 01"]
[Source "Chessbase"]
[SourceDate "2023.11.12"]
[SourceVersion "1"]
[SourceVersionDate "2023.11.12"]
[SourceQuality "1"]

1. e4 e6 2. d4 d5 3. Nd2 dxe4 4. Nxe4 Nd7 5. Nf3 Ngf6 6. Nxf6+ Nxf6 7. c3 c5 8. Ne5 cxd4 9. Bb5+ Bd7 10. Nxd7 Nxd7 11. Qxd4 a6 12. Ba4 b5 13. Bc2 Qf6 14. Qe4 Qe5 15. 0-0 Qxe4 16. Bxe4 Rb8 17. Be3 Bc5 18. Bc6 Bxe3 19. fxe3 f6 20. Rad1 Rd8 21. b4 Ke7 22. Be4 f5 23. Bc2 Ne5 24. e4 Nc4 25. Rde1 Nd2 26. Rf2 Nxe4 27. Bxe4 fxe4 28. Rfe2 Rhe8 29. Rxe4 Kf6 30. c4 bxc4 31. Rxc4 Rd2 32. a4 Rb2 33. Rf4+ Kg5 34. g3 h6 35. Re5+ Kg6 36. Rfe4 Kf6 37. Ra5 Rd8 38. Rf4+ Ke7 39. Rxa6 Rd1+ 40. Rf1 Rdd2 41. Ra7+ Ke8 1/2-1/2